000
00302nam a22001337a 4500
008
180215b xxu||||| |||| 00| 0 eng d
020
_a
043144040006
041
_a
eng
080
_a
91
100
_a
41
101
_a
GEO
245
_a
COLUMBUS AND THE AGE OF DISCOVERY
_c
NER.Z.D
942
_2
udc
_c
BK
999
_c
42696
_d
42696